| 000 | 00865nam a2200277 4500 | ||
|---|---|---|---|
| 003 | OSt | ||
| 005 | 20260601193852.0 | ||
| 008 | 260422b1979 xxu |||| |||| 00| 0 eng d | ||
| 020 | _a0715377264 | ||
| 040 |
_aICI _bspa _cICI |
||
| 050 |
_aTH7412 _b.H86 1979 |
||
| 100 | 1 |
_aHunter, Graham M., _932407 |
|
| 245 | 1 |
_aSolar heating for the home / _cGraham M. Hunter. |
|
| 264 |
_bDavid & Charles, _c1979 _aLondon : |
||
| 300 |
_a80 páginas _c22cm. |
||
| 336 |
_atexto _2rdacontent |
||
| 337 |
_asin medio _2rdamedia |
||
| 338 |
_avolumen _2rdacarrier |
||
| 500 | _aIncluye información sobre sistemas de calefacción solar para uso doméstico. | ||
| 650 | _aEnergía solar. | ||
| 650 |
_aCalefacción solar. _932409 |
||
| 650 |
_aViviendas _xCalefacción. _932410 |
||
| 650 |
_aEnergía renovable. _932411 |
||
| 650 | _aArquitectura sostenible. | ||
| 942 |
_2lcc _cB |
||
| 999 |
_c21876 _d21876 |
||